00529 a2200169 4500022001200000050002200012100002600034245007700060264003900137300001200176500003000188650004700218651001700265700002600282700002400308700002700332 INo ISSN aKTL19.35 SOU 1995 aFisher, D. S.eeditor aSouth African law reports:b1995 (4) December /cD. S. Fisher, et al.... aCape Town:bJuta & Company,c1995. a333p. : aSouth African Law Reports aLaw reports, digests, etc. -- South Africa aSouth Africa aHanmer, N. E.eeditor aKoch, D. M.eeditor aScholts, W. M.eeditor